| 000 | 00633nam a22002417a 4500 | ||
|---|---|---|---|
| 999 |
_c10491 _d10491 |
||
| 001 | 10491 | ||
| 003 | BD-JhCC | ||
| 005 | 20180430172603.0 | ||
| 008 | 180430s1964 nbu |||| b||| 00| 0 eng d | ||
| 020 | _a822002744 | ||
| 035 | _a(BD-JhCC)10491 | ||
| 040 |
_aBD-JhCC _dBD-JhCC |
||
| 041 | _aeng | ||
| 082 |
_a822.912 _bROB 1964 |
||
| 100 | _aRoberts, James L. | ||
| 245 |
_aCaesar and Cleopatra : _bNotes / _cJames L. Roberts, |
||
| 260 |
_aLincoln : _bClffi;s Notes, _c1964. |
||
| 300 |
_a73 P. : _c21 cm. |
||
| 600 | _aCaesar and Cleopatra (Shaw, Bernard) | ||
| 650 | _aEnglish Fiction | ||
| 942 |
_2ddc _cBK |
||